000 01201nam a2200229Ia 4500
003 Ost
005 20260507075348.0
008 260507s9999||||xx |||||||||||||| ||und||
040 _cfsecg
041 _aara
082 _a330
100 _aحسن، إمتثال محمد
_eمؤلف
245 0 _aمقدمة في أساليب الإستدلال الإحصائي والتنبؤ /
_c إمتثال محمد حسن
260 _aالاسكندرية:
_bمكتبة الوفاء القانونية,
_c2012
300 _a352 صفحة؛
_bإيضاحات ؛
_c24 سم
520 _aتوزيعات المعاينة- تقدير معالم المجتمع- إختبارات الفروض الإحصائية- أساليب الإستدلال الإحصائي للمقارنة بين معالم مجتمعين- تحليل التباين- الإستدلال الإحصائي باستخدام أسلوب كا2 - الإرتباط الخطي بين الظواهر
653 _aالإحصاء - المعاملات الإرتباطية
653 _aالإحصاء الإستدلالي
653 _aالتنبؤ
700 _aالعطار، لبيبة حسب النبي
_eمؤلف ثانوي
942 _cكتاب
999 _c44124
_d44124